All the pain that money can buy : (Record no. 5430)
[ view plain ]
| 000 -LEADER | |
|---|---|
| fixed length control field | 00614cam a2200181 a 4500 |
| 005 - DATE AND TIME OF LATEST TRANSACTION | |
| control field | 20250901165531.0 |
| 008 - FIXED-LENGTH DATA ELEMENTS--GENERAL INFORMATION | |
| fixed length control field | 901004s1991 nyuc b 001 0aeng |
| 010 ## - LIBRARY OF CONGRESS CONTROL NUMBER | |
| LC control number | 90020347 |
| 020 ## - INTERNATIONAL STANDARD BOOK NUMBER | |
| International Standard Book Number | 0671684590 |
| 050 00 - LIBRARY OF CONGRESS CALL NUMBER | |
| Classification number | CT1118.O53 .W75 1991 |
| Item number | W75 1991 |
| 082 00 - DEWEY DECIMAL CLASSIFICATION NUMBER | |
| Classification number | 949.507/6/092 |
| -- | B |
| Edition information | 20 |
| 100 1# - MAIN ENTRY--PERSONAL NAME | |
| Personal name | Wright, William, |
| Dates associated with a name | 1930-2016. |
| 245 10 - TITLE STATEMENT | |
| Title | All the pain that money can buy : |
| Remainder of title | the life of Christina Onassis / |
| Statement of responsibility, etc. | William Wright. |
| 260 ## - PUBLICATION, DISTRIBUTION, ETC. | |
| Place of publication, distribution, etc. | New York : |
| Name of publisher, distributor, etc. | Simon & Schuster, |
| Date of publication, distribution, etc. | c1991. |
| 300 ## - PHYSICAL DESCRIPTION | |
| Extent | 399 p. : |
| Other physical details | ports. ; |
| Dimensions | 25 cm. |
| 500 ## - GENERAL NOTE | |
| General note | Includes index. |
| 942 ## - ADDED ENTRY ELEMENTS (KOHA) | |
| Source of classification or shelving scheme | Library of Congress Classification |
| Classification part | CT1118.O53 .W75 1991 |
| Withdrawn status | Lost status | Source of classification or shelving scheme | Damaged status | Not for loan | Home library | Current library | Shelving location | Date acquired | Total checkouts | Full call number | Barcode | Date last seen | Price effective from | Koha item type |
|---|---|---|---|---|---|---|---|---|---|---|---|---|---|---|
| Library of Congress Classification | Main Library | Main Library | 06/02/2021 | CT1118.O53 .W75 1991 | PIU0006550 | 06/02/2021 | 06/02/2021 | Books |